000 00431nam a2200157Ia 4500
008 131103s9999 xx 000 0 und d
040 _aLoreto College
041 _aEnglish
082 _aRef/G
_bLCBED/13926
245 _aJapan in transition
_b one hundred years of modernization
260 _aJapan
_bMinistry of Foreign
_c1968
300 _a115p.
_b pic.
_c 20cm.
650 _aGeography
850 _aLCBED/Ref/G
942 _cBK
999 _c31053
_d81532